Chelsea Current Squad - Statistics

General Stats
  • This quiz has been taken 950 times
    791 since last reset
  • The average score is 18 of 26
Answer Stats
# Position Player Nationality Date of Birth % Correct
1 Goalkeeper Kepa Arrizabalaga Spanish Oct 3, 1994
97%
2 Centre-Back Antonio Rüdiger German Mar 3, 1993
90%
7 Defensive Midfield N'Golo Kanté French Mar 29, 1991
86%
5 Defensive Midfield Jorginho Italian Dec 20, 1991
81%
24 Right-Back Reece James English Dec 8, 199
81%
19 Attacking Midfield Mason Mount English Jan 10, 1999
80%
28 Right-Back César Azpilicueta Spanish Aug 28, 1989
79%
17 Central Midfield Mateo Kovacic Croatian May 6, 1994
79%
4 Centre-Back Andreas Christensen Danish Apr 10, 1996
78%
3 Left-Back Marcos Alonso Spanish Dec 28, 1990
77%
13 Goalkeeper Willy Caballero Argentinean Sep 28, 1981
75%
22 Right Winger Christian Pulisic American Sep 18, 1998
74%
10 Right Winger Willian Brazilian Aug 9, 1988
71%
15 Centre-Back Kurt Zouma French Oct 27, 1994
70%
33 Left-Back Emerson Italian Aug 3, 1994
69%
9 Centre-Forward Tammy Abraham English Oct 2, 1997
67%
18 Centre-Forward Olivier Giroud French Sep 30, 1986
65%
11 Right Winger Pedro Spanish Jul 28, 1987
65%
20 Left Winger Callum Hudson-Odoi English Nov 7, 2000
56%
29 Centre-Back Fikayo Tomori English Dec 19, 1997
54%
23 Centre-Forward Michy Batshuayi Belgian Oct 2, 1993
53%
12 Central Midfield Ruben Loftus-Cheek English Jan 23, 1996
53%
44 Centre-Back Ethan Ampadu Welsh Sep 14, 2000
50%
24 Centre-Back Gary Cahill English Dec 19, 1985
48%
8 Central Midfield Ross Barkley English Dec 5, 1993
46%
42 Central Midfield Marco van Ginkel Dutch Dec 1, 1992
26%
No matching quizzes found
Score Distribution
Percent of People with Each Score
Percentile by Number Answered
Your Score History
You have not taken this quiz since the last reset